La teoría del consumo (Registro nro. 4375)

Detalles MARC
000 -LEADER
fixed length control field 01457 a2200217 4500
001 - CONTROL NUMBER
control field 47478
005 - DATE AND TIME OF LATEST TRANSACTION
control field 20260407155741.0
008 - FIXED-LENGTH DATA ELEMENTS--GENERAL INFORMATION
fixed length control field 260407a1976 arg spa d
003 - CONTROL NUMBER IDENTIFIER
control field AR-UNSa-BCEJYS
040 ## - CATALOGING SOURCE
Original cataloging agency AR-UNSa-BCEJYS
Language of cataloging spa
Transcribing agency AR-UNSa-BCEJYS
080 ## - UNIVERSAL DECIMAL CLASSIFICATION NUMBER
Universal Decimal Classification number 330.567.2
Common auxiliary subdivision Gastos. Consumo. Ahorro. Economía de los particulares
020 ## - INTERNATIONAL STANDARD BOOK NUMBER
International Standard Book Number 84-206-2163-3
100 1# - MAIN ENTRY--PERSONAL NAME
Personal name Green, H.A. John
245 10 - TITLE STATEMENT
Title La teoría del consumo
264 #1 - PRODUCTION, PUBLICATION, DISTRIBUTION, MANUFACTURE, AND COPYRIGHT NOTICE
Place of production, publication, distribution, manufacture Madrid :
Name of producer, publisher, distributor, manufacturer Alianza Editorial
Date of production, publication, distribution, manufacture, or copyright notice 1976
300 ## - PHYSICAL DESCRIPTION
Extent 368 p.
Dimensions 20 cm.
505 ## - FORMATTED CONTENTS NOTE
Formatted contents note 1. Introducción -- Primera Parte: CONCEPTOS FUNDAMENTALE: 2. El consumidor racional - 3. Las preferencias del consumidor - 4. Funciones de demanda - 5. Efectos de los cambios de precio -- Segunda Parte: DE LA UTILIDAD: 6. Utilidad y preferencia - 7. Utilidad y elección - 8. Dos enfoques alternativos -- Tercera Parte: DE LA TEORÍA PURA A LA TEORÍA APLICADA: 9. Medición de las funciones de demanda - 10. Bienes relacionados y características -- Cuarta Parte: EL TIEMPO: 11. Problemas a corto plazo - 12. Problemas a largo plazo -- Quinta Parte: LA INCERTIDUMBRE: 13. Incertidumbre y utilidad - 14. La incertidumbre y el consumidor - 15. La teoría de la preferencia de situación -- Sexta Parte: LA SOCIEDAD: 16. Consumo y bienestar - 17. Conclusión.
590 ## - LOCAL NOTE (RLIN)
Local note niveau_biblio:m niveau_hierar:0
856 41 - ELECTRONIC LOCATION AND ACCESS
Uniform Resource Identifier <a href="https://www.biblioeco.unsa.edu.ar/pmb/images/libros/L127518.jpg">https://www.biblioeco.unsa.edu.ar/pmb/images/libros/L127518.jpg</a>
Link text Imagen de portada
Electronic format type image/jpeg
942 ## - ADDED ENTRY ELEMENTS (KOHA)
Koha item type
Existencias
Withdrawn status Lost status Damaged status Not for loan Home library Current library Shelving location Date acquired Total checkouts Full call number Barcode Date last seen Price effective from Koha item type
        Biblioteca Prof. Eusebio Cleto del Rey Biblioteca Prof. Eusebio Cleto del Rey   07/04/2026   330.567.2 G795 L127518 07/04/2026 07/04/2026 Libro